000 00367 a2200145 4500
001 169499
020 _a
040 _cMagnum
100 _aBianchetti, Lucidio (Org.)
240 1 0 _aTrama e texto: leitura critica/escrita criativa - v.1
_lpor
245 1 0 _aTrama e texto: leitura critica/escrita criativa - v.1
362 0 _a1899
697 _aGERAL
942 _cBK
999 _c169499
_d169499